| 000 | 00809nam a2200217 i 4500 | ||
|---|---|---|---|
| 001 | 129138 | ||
| 003 | ES-MaACL | ||
| 005 | 20260104152658.0 | ||
| 007 | t| | ||
| 008 | 070606s1964 sp ||||1| cat d | ||
| 100 | 1 |
_aTeilhard de Chardin, Pierre, _d1881-1955 _9109521 |
|
| 245 | 1 | 3 |
_aEl medé diví _b: assaig de vida interior / _cPierre Teilhard de Chardin ; estudí preliminar de Eusebi Colomer ; [traductor, Josep Mª Puigjaner]. |
| 260 |
_aHospitalet (Barcelona) : _bNova Terra, _c[1964] |
||
| 300 |
_a179 p. : _bil. ; _c20 cm. |
||
| 490 | 1 |
_aCollecció L'Home Non ; _v2 |
|
| 700 | 1 |
_aColomer, Eusebi, _d1923-1997 _939844 |
|
| 700 | 1 |
_aPuigjaner, Josep Mª. _994299 |
|
| 830 | 0 |
_aCollecció L'Home Non ; _v2 _9219324 |
|
| 852 |
_aES-MaACL _jC-25625 _bR.54370 |
||
| 999 |
_c129138 _d129138 |
||